| 000 | 00717nam a2200229 i 4500 | ||
|---|---|---|---|
| 001 | bg | ||
| 100 | 1 | _aSPYCHALSKI, Gedymin | |
| 245 | 1 | 0 |
_aMyśl społeczno-ekonomiczna starożytności i średniowiecza / _cGedymin Spychalski. |
| 260 |
_aŁódź : _bWydaw. Uniwersytetu Łódzkiego, _c2000. |
||
| 300 |
_a333 s. ; _c24 cm. |
||
| 504 | _aBibliogr. przy rozdz. | ||
| 650 | 9 |
_aNauki ekonomiczne _xhistoria _ydo 15 w. |
|
| 655 | _aPodręczniki akademickie | ||
| 020 | _a8371713827 | ||
| 040 | _cBPK | ||
| 041 | 0 | _apl | |
| 080 | _a330".../14"(075.8) | ||
| 920 | _a83-7171-382-7 | ||
| 942 | _cKS | ||
| 008 | s pl f |000 0 pol | ||
| 999 |
_c39301 _d39301 |
||
| 856 |
_uhttp://koha.tu.koszalin.pl/cgi-bin/koha/opac-detail.pl?biblionumber=39301 _yKatalog online BPK |
||